[Event "III. Budapest Open"]
[Site "Budapest, Hungary"]
[Date "2013.08.18"]
[Round "2.9"]
[White "Gubics, Peter"]
[Black "Adrien, Vincent"]
[Result "1-0"]
[WhiteElo "2113"]
[BlackElo "1994"]
[PlyCount "117"]
[EventDate "2013.??.??"]

1. Nf3 Nf6 2. c4 e6 3. g3 g6 4. Bg2 Bg7 5. O-O O-O 6. Nc3 d5 7. d4 c6 8. Bf4 b6
9. Ne5 Nfd7 10. Qa4 Nxe5 11. Bxe5 Bxe5 12. dxe5 Qe7 13. b4 Bb7 14. b5 cxb5 15.
Nxb5 Bc6 16. Rac1 a6 17. Qa3 Qxa3 18. Nxa3 dxc4 19. Nxc4 Bxg2 20. Kxg2 b5 21.
Nd6 Nd7 22. f4 Nb6 23. e4 Rfd8 24. Rf2 Rab8 25. Rc6 b4 26. Rc7 Rd7 27. Rfc2 a5
28. Rxd7 Nxd7 29. Rc7 Nb6 30. Nxf7 Rc8 31. Nh6+ Kf8 32. Rb7 Rc2+ 33. Kh3 Nc4
34. f5 gxf5 35. exf5 exf5 36. Rb8+ Kg7 37. Nxf5+ Kg6 38. Nd4 Rc3 39. e6 Re3 40.
Rc8 Nd6 41. Rc6 Ne8 42. Ra6 Re5 43. e7+ Kf7 44. Nc6 Rc5 45. Nxa5 Kxe7 46. Nb3
Rc2 47. Nd4 Rb2 48. Nc6+ Kf7 49. Ne5+ Kg7 50. Nd3 Rd2 51. Nxb4 h5 52. a4 Nf6
53. Rc6 Rd4 54. Rb6 Rd2 55. a5 Ng4 56. Kh4 Rxh2+ 57. Kg5 Rf2 58. Rb7+ Kf8 59.
a6 1-0

[Event "III. Budapest Open"]
[Site "Budapest, Hungary"]
[Date "2013.08.18"]
[Round "2.12"]
[White "Juhasz, Bela"]
[Black "Peczeli, Zoltan"]
[Result "1-0"]
[WhiteElo "2194"]
[BlackElo "2036"]
[PlyCount "81"]
[EventDate "2013.??.??"]

1. d4 Nf6 2. c4 c5 3. d5 b5 4. cxb5 a6 5. bxa6 Bxa6 6. Nc3 g6 7. g3 d6 8. Bg2
Bg7 9. Nf3 O-O 10. Rb1 Nbd7 11. O-O Qa5 12. Bd2 Rfb8 13. Qc2 Ng4 14. Rfd1 Nge5
15. Nxe5 Nxe5 16. b3 f5 17. h3 c4 18. b4 Qa3 19. b5 Bc8 20. Qc1 Qa5 21. a4 Nd7
22. Qa3 Bxc3 23. Bxc3 Qxa4 24. Qc1 Nf6 25. Rb4 Qa3 26. Qe3 Qa7 27. b6 Qd7 28.
Rxc4 Rb7 29. Rc1 Ra3 30. Qd2 Ra8 31. Bxf6 exf6 32. Rc7 Rxc7 33. Rxc7 Qd8 34.
Qh6 Bd7 35. Qc1 Rb8 36. Qe3 Qe8 37. Qd4 Qd8 38. e3 Rc8 39. Qc3 Rb8 40. Qa5 Ra8
41. Rxd7 1-0

[Event "III. Budapest Open"]
[Site "Budapest, Hungary"]
[Date "2013.08.18"]
[Round "2.13"]
[White "Czipp, Janos"]
[Black "Mester, Attila"]
[Result "0-1"]
[WhiteElo "1417"]
[BlackElo "2073"]
[PlyCount "106"]
[EventDate "2013.??.??"]

1. d4 f5 2. Nf3 Nf6 3. e3 g6 4. Bd3 Bg7 5. O-O O-O 6. Re1 Nc6 7. c3 d5 8. Nbd2
Ne4 9. c4 e6 10. cxd5 exd5 11. Nf1 g5 12. N3d2 g4 13. f3 gxf3 14. Nxf3 Kh8 15.
Re2 Be6 16. Qe1 Bf6 17. g3 Rg8 18. Rg2 Qd6 19. b3 Rg7 20. a4 Nb4 21. Bb1 a5 22.
Bb2 b6 23. Ne5 Rf8 24. Nd3 c5 25. Nf4 Bf7 26. dxc5 bxc5 27. Bxf6 Qxf6 28. Bxe4
fxe4 29. Rf2 Qe7 30. Rd1 Rd8 31. Qc3 Kg8 32. Rfd2 Qd6 33. Rc1 Rc8 34. Rcd1 d4
35. Rxd4 cxd4 36. Qxc8+ Qf8 37. Qxf8+ Kxf8 38. Rxd4 Bxb3 39. Nd2 Ba2 40. Rxe4
Rd7 41. Rd4 Rc7 42. Kg2 Nc2 43. Re4 Rc3 44. Kf2 Ra3 45. Ne6+ Bxe6 46. Rxe6 Rxa4
47. Rc6 Ra2 48. Rc8+ Kg7 49. h3 a4 50. Ke2 a3 51. Rc3 Rb2 52. Nb3 Nd4+ 53. Kd1
Nxb3 0-1

[Event "III. Budapest Open"]
[Site "Budapest, Hungary"]
[Date "2013.08.18"]
[Round "2.14"]
[White "Schatzer, Andras"]
[Black "Abraham, Lajos"]
[Result "0-1"]
[WhiteElo "1827"]
[BlackElo "1821"]
[PlyCount "64"]
[EventDate "2013.??.??"]

1. c4 e5 2. Nc3 c6 3. Nf3 d6 4. d4 Bg4 5. dxe5 Bxf3 6. gxf3 dxe5 7. Qxd8+ Kxd8
8. Bg5+ Be7 9. O-O-O+ Ke8 10. Bxe7 Kxe7 11. Bh3 Nf6 12. Rd2 Na6 13. Rhd1 Rhd8
14. a3 Nc5 15. Kc2 Rxd2+ 16. Rxd2 Ne6 17. Bxe6 Kxe6 18. Ne4 Nxe4 19. fxe4 Ke7
20. Kc3 Rd8 21. Rxd8 Kxd8 22. c5 g5 23. b4 Kd7 24. Kc4 Ke6 25. b5 f5 26. bxc6
bxc6 27. Kb4 fxe4 28. Ka5 Kd5 29. Kb4 e3 30. f3 e4 31. fxe4+ Kxe4 32. Ka5 Kd5
0-1

[Event "III. Budapest Open"]
[Site "Budapest, Hungary"]
[Date "2013.08.18"]
[Round "2.15"]
[White "Kancz, Csaba"]
[Black "Szalanczy, Emil"]
[Result "0-1"]
[WhiteElo "1648"]
[BlackElo "2285"]
[PlyCount "92"]
[EventDate "2013.??.??"]

1. d4 c5 2. d5 e6 3. c4 exd5 4. cxd5 g6 5. Nc3 Bg7 6. g3 d6 7. Bg2 Nf6 8. e4
O-O 9. Nge2 Re8 10. O-O b5 11. Qc2 b4 12. Nd1 Ba6 13. Re1 Nbd7 14. f4 Rc8 15.
Nf2 c4 16. Be3 Nc5 17. Bxc5 Rxc5 18. h3 Qb6 19. Kh2 Rc7 20. Nd1 Rce7 21. Ng1 h5
22. Nf2 Nxd5 23. Qd2 Nc7 24. Rab1 Ne6 25. Nf3 Nd4 26. Nxd4 Bxd4 27. Nd1 Bb7 28.
Qc2 Qc5 29. Rc1 Ba6 30. h4 Bb5 31. Kh1 a5 32. Qb1 Kg7 33. Kh2 a4 34. Kh1 f5 35.
Kh2 Bc6 36. Qc2 Bb5 37. Qb1 fxe4 38. Rxe4 Rxe4 39. Bxe4 Bg1+ 40. Kg2 Rxe4 41.
Qxe4 Bc6 42. Qxc6 Qxc6+ 43. Kxg1 Qf3 44. Kh2 d5 45. Ra1 d4 46. Rc1 Kf6 0-1

[Event "III. Budapest Open"]
[Site "Budapest, Hungary"]
[Date "2013.08.18"]
[Round "2.16"]
[White "Bodrogi, Laszlo"]
[Black "Ronyai, Imre"]
[Result "1-0"]
[WhiteElo "2015"]
[BlackElo "1591"]
[PlyCount "43"]
[EventDate "2013.??.??"]

1. d4 Nf6 2. c4 g6 3. Nc3 d5 4. Nf3 Bg7 5. Qb3 dxc4 6. Qxc4 O-O 7. e4 c6 8. Qb3
b6 9. Bc4 e6 10. Bg5 Qc7 11. e5 Nd5 12. Ne4 Nd7 13. Rc1 f6 14. Bxd5 exd5 15.
Nxf6+ Nxf6 16. exf6 Bxf6 17. Qxd5+ cxd5 18. Rxc7 Re8+ 19. Kd2 Bxg5+ 20. Nxg5 h6
21. Nf7 Re4 22. Nxh6+ 1-0

[Event "III. Budapest Open"]
[Site "Budapest, Hungary"]
[Date "2013.08.18"]
[Round "2.17"]
[White "Gyimesi, Peter"]
[Black "Furedi, Erik"]
[Result "1/2-1/2"]
[WhiteElo "1646"]
[BlackElo "1927"]
[PlyCount "107"]
[EventDate "2013.??.??"]

1. e4 e5 2. Nf3 Nc6 3. Bc4 Be7 4. c3 Nf6 5. d3 O-O 6. h3 d5 7. exd5 Nxd5 8. O-O
Be6 9. Re1 Bf6 10. Nbd2 Nf4 11. Ne4 Bxc4 12. dxc4 Ne6 13. Qc2 Be7 14. Be3 f5
15. Rad1 Qe8 16. Neg5 Nxg5 17. Bxg5 Bxg5 18. Nxg5 Qg6 19. Nf3 e4 20. Nd4 Ne5
21. c5 Nd3 22. Re3 Nxc5 23. b4 Nd3 24. Qb3+ Kh8 25. Rg3 Qb6 26. Rd2 Rf6 27. Qd5
Raf8 28. Rg5 g6 29. h4 Rd6 30. Qb5 Qxb5 31. Nxb5 Rc6 32. Nxa7 Rxc3 33. Nb5 Rc4
34. h5 Rf6 35. h6 Rb6 36. a4 Rxb4 37. Nxc7 Rc6 38. Nd5 Rxa4 39. Nf4 Rc3 40. Rg3
Raa3 41. Re3 Kg8 42. Nd5 Rc1+ 43. Kh2 Kf7 44. f3 Ra5 45. fxe4 fxe4 46. Nb6 Rh5+
47. Kg3 Nc5 48. Nd7 Rxh6 49. Nxc5 Rxc5 50. Rxe4 Rc7 51. Rb4 Rc3+ 52. Kf2 Kf6
53. Rb6+ Kf7 54. Rxb7+ 1/2-1/2

[Event "III. Budapest Open"]
[Site "Budapest, Hungary"]
[Date "2013.08.18"]
[Round "2.18"]
[White "Lakat, Gyula"]
[Black "Gyulai, David"]
[Result "1-0"]
[WhiteElo "1863"]
[BlackElo "1435"]
[PlyCount "51"]
[EventDate "2013.??.??"]

1. Nf3 Nc6 2. d4 e6 3. g3 Be7 4. Bg2 Nf6 5. O-O d6 6. c4 O-O 7. Nc3 a6 8. e4
Ne8 9. Qe2 e5 10. Be3 f5 11. dxe5 fxe4 12. Nxe4 dxe5 13. Rfd1 Bd7 14. Bh3 Nd6
15. Bxd7 Qxd7 16. c5 Qg4 17. cxd6 Bd8 18. Qc4+ Kh8 19. Nfg5 Bxg5 20. Bxg5 Nd4
21. Rxd4 exd4 22. Re1 cxd6 23. Be7 Rf4 24. Nxd6 h6 25. Nf7+ Kh7 26. Ne5 1-0

[Event "III. Budapest Open"]
[Site "Budapest, Hungary"]
[Date "2013.08.18"]
[Round "2.19"]
[White "Rajcsanyi, Peter"]
[Black "Danffy, Abel"]
[Result "1-0"]
[WhiteElo "1850"]
[BlackElo "1380"]
[PlyCount "33"]
[EventDate "2013.??.??"]

1. e4 e5 2. Nf3 Nc6 3. Bb5 a6 4. Ba4 Nf6 5. O-O Bc5 6. Nxe5 Nxe5 7. d4 Bb6 8.
dxe5 Nxe4 9. Qg4 Nc5 10. Qxg7 Rf8 11. Bg5 f6 12. Bxf6 Rxf6 13. exf6 Ne6 14.
Qg8+ Nf8 15. Re1+ Qe7 16. Rxe7+ Kd8 17. Qxf8# 1-0

[Event "III. Budapest Open"]
[Site "Budapest, Hungary"]
[Date "2013.08.18"]
[Round "2.20"]
[White "Breznyan, Annamaria"]
[Black "Bartuszek, Andras"]
[Result "0-1"]
[WhiteElo "1302"]
[BlackElo "1844"]
[PlyCount "66"]
[EventDate "2013.??.??"]

1. e4 c5 2. Nf3 d6 3. Nc3 a6 4. b3 b5 5. Bb2 Bb7 6. d3 e6 7. Ne2 d5 8. exd5
exd5 9. Ng3 d4 10. a4 b4 11. Be2 Nf6 12. O-O Bd6 13. Nd2 O-O 14. Bf3 Nc6 15.
Nc4 Bc7 16. Re1 Qd7 17. Qd2 Rae8 18. Re2 Rxe2 19. Qxe2 Re8 20. Qd2 Nd5 21. Ne4
Qe7 22. Qg5 Qxg5 23. Nxg5 Ne5 24. Be4 g6 25. h3 f5 26. Bxd5+ Bxd5 27. h4 Ng4
28. Nh3 Re2 29. Rc1 f4 30. Kf1 f3 31. g3 Be6 32. a5 Ne3+ 33. fxe3 Bxh3+ 0-1

[Event "III. Budapest Open"]
[Site "Budapest, Hungary"]
[Date "2013.08.18"]
[Round "2.21"]
[White "Balla, Attila"]
[Black "Karacsonyi, Kata"]
[Result "1-0"]
[WhiteElo "1813"]
[BlackElo "1288"]
[PlyCount "45"]
[EventDate "2013.??.??"]

1. e4 e5 2. Nf3 Nc6 3. Bc4 Nf6 4. d3 Bc5 5. c3 d6 6. Bb3 O-O 7. h3 h6 8. Nbd2
Be6 9. Bc2 d5 10. O-O Nh5 11. Nxe5 Nf4 12. Nxc6 bxc6 13. Nf3 Ng6 14. d4 dxe4
15. Bxe4 Bb6 16. Bxc6 Rb8 17. Be4 Re8 18. Bc2 Bd5 19. Nh2 Nh4 20. g3 Ng2 21.
Ng4 Qc8 22. Bxh6 Re6 23. Bf5 1-0

[Event "III. Budapest Open"]
[Site "Budapest, Hungary"]
[Date "2013.08.18"]
[Round "2.22"]
[White "Breznyan, Dorina"]
[Black "Szurkos, Andras"]
[Result "0-1"]
[WhiteElo "1261"]
[BlackElo "1786"]
[PlyCount "72"]
[EventDate "2013.??.??"]

1. d4 d5 2. Nf3 Nf6 3. Bf4 e6 4. e3 Bd6 5. Bxd6 Qxd6 6. Be2 Nbd7 7. c3 O-O 8.
O-O b6 9. Nbd2 Bb7 10. Qc2 c5 11. Rac1 Rac8 12. Qb1 e5 13. h3 Ne4 14. Rfd1 f5
15. Nh2 Ndf6 16. f3 Ng3 17. Bf1 Nfh5 18. Re1 e4 19. f4 Qh6 20. Be2 g5 21. fxg5
Qxg5 22. Ndf1 Nxe2+ 23. Rxe2 Ba6 24. Ree1 Bd3 25. Qa1 f4 26. b4 f3 27. Qb2 f2+
28. Kh1 fxe1=Q 29. Rxe1 Qh4 30. Rd1 Rf2 31. Qa1 Rcf8 32. bxc5 Qf6 33. Kg1 Bc4
34. cxb6 Rxa2 35. Qc1 Qf2+ 36. Kh1 Qxg2# 0-1

[Event "III. Budapest Open"]
[Site "Budapest, Hungary"]
[Date "2013.08.19"]
[Round "3.1"]
[White "Papagorasz, Takisz"]
[Black "Farago, Sandor"]
[Result "1/2-1/2"]
[WhiteElo "2163"]
[BlackElo "2270"]
[PlyCount "91"]
[EventDate "2013.??.??"]

1. d4 Nf6 2. c4 g6 3. Nf3 Bg7 4. Nc3 c5 5. g3 cxd4 6. Nxd4 Nc6 7. Bg2 Ng4 8. e3
Nge5 9. b3 Qa5 10. Bb2 Nxd4 11. exd4 Nc6 12. O-O Bxd4 13. Rc1 Bf6 14. Rc2 O-O
15. Nd5 Bxb2 16. Rxb2 Qd8 17. b4 d6 18. Re1 Be6 19. c5 dxc5 20. bxc5 Bxd5 21.
Bxd5 Qc7 22. Qf3 Rad8 23. Reb1 Nd4 24. Qe4 Qxc5 25. Bxb7 e5 26. Qe3 Rb8 27. Rc1
Qe7 28. Qe4 Rfd8 29. Rcb1 Qc7 30. Kg2 Qd6 31. a4 Kg7 32. a5 Ne6 33. a6 Nc5 34.
Qe3 Qd4 35. Qe2 Rd6 36. Rb4 Qc3 37. Rc4 Qd3 38. Qxe5+ Rf6 39. Rxc5 Qxb1 40.
Qxb8 Qb2 41. Qe5 Qxf2+ 42. Kh3 Kh6 43. Qg5+ Kg7 44. Qe5 Kh6 45. Qg5+ Kg7 46.
Qe5 1/2-1/2

[Event "III. Budapest Open"]
[Site "Budapest, Hungary"]
[Date "2013.08.19"]
[Round "3.2"]
[White "Szepes, Tamas"]
[Black "Juhasz, Mark"]
[Result "1/2-1/2"]
[WhiteElo "2248"]
[BlackElo "2154"]
[PlyCount "62"]
[EventDate "2013.??.??"]

1. d4 Nf6 2. c4 c5 3. d5 b5 4. cxb5 a6 5. bxa6 g6 6. Nc3 d6 7. g3 Bg7 8. Nf3
Bxa6 9. Bh3 Nbd7 10. O-O Nb6 11. Qc2 Nfd7 12. Rd1 O-O 13. Rb1 Bb7 14. e4 Nc4
15. Na4 Nde5 16. Nxe5 Nxe5 17. Bg2 f5 18. exf5 Bc8 19. fxg6 Bf5 20. gxh7+ Kh8
21. Be4 Qe8 22. Bxf5 Qh5 23. Bf4 Nf3+ 24. Kg2 Rxf5 25. Rd3 Rxf4 26. gxf4 Qg4+
27. Kf1 Nxh2+ 28. Ke1 Qg1+ 29. Ke2 Qg4+ 30. Ke1 Qg1+ 31. Ke2 Qg4+ 1/2-1/2

[Event "III. Budapest Open"]
[Site "Budapest, Hungary"]
[Date "2013.08.19"]
[Round "3.3"]
[White "Erdos, Boglarka"]
[Black "Gubics, Peter"]
[Result "1-0"]
[WhiteElo "2189"]
[BlackElo "2113"]
[PlyCount "81"]
[EventDate "2013.??.??"]

1. e4 e6 2. d4 d5 3. Nd2 Nf6 4. e5 Nfd7 5. f4 c5 6. c3 Nc6 7. Ndf3 Qb6 8. h4
cxd4 9. cxd4 Bb4+ 10. Kf2 f6 11. Kg3 Be7 12. Nh3 Nf8 13. Bd3 Bd7 14. Be3 O-O-O
15. Qd2 Kb8 16. a3 Na5 17. Qf2 Nb3 18. Rab1 Bb5 19. Qe2 Bxd3 20. Qxd3 Rg8 21.
Kh2 h6 22. Rhf1 f5 23. Rf2 Rc8 24. Rg1 Nd7 25. g4 fxg4 26. Rxg4 Na5 27. Rfg2
Nc4 28. b4 Qa6 29. Rxg7 Rxg7 30. Rxg7 Nxe3 31. Qxe3 Qf1 32. Qf2 Qxf2+ 33. Nxf2
Re8 34. Ng4 Nb6 35. Nxh6 Nc4 36. Rg8 Rxg8 37. Nxg8 Bf8 38. Ng5 Nxa3 39. Nxe6
Bxb4 40. h5 Nc2 41. h6 1-0

[Event "III. Budapest Open"]
[Site "Budapest, Hungary"]
[Date "2013.08.19"]
[Round "3.4"]
[White "Kormos, Adam"]
[Black "Zoldy, Robert"]
[Result "0-1"]
[WhiteElo "2198"]
[BlackElo "1962"]
[PlyCount "96"]
[EventDate "2013.??.??"]

1. e4 e5 2. Nc3 Nf6 3. g3 Bc5 4. Bg2 O-O 5. Nf3 d6 6. O-O Re8 7. h3 c6 8. d4
exd4 9. Nxd4 Nbd7 10. Kh1 Nf8 11. Be3 Bb4 12. Nde2 Be6 13. a3 Ba5 14. Qd3 Qd7
15. Kh2 Rad8 16. f4 b5 17. b3 Qc7 18. Bd4 d5 19. Bxf6 gxf6 20. f5 dxe4 21. Qe3
Bxc3 22. Nxc3 Bd5 23. Rf4 Nd7 24. Rh4 Qe5 25. Qh6 Nf8 26. Rg4+ Ng6 27. fxg6
fxg6 28. Qe3 f5 29. Rh4 Bxb3 30. cxb3 Rd3 31. Qf4 Rxc3 32. Ra2 Rxb3 33. Qxe5
Rxe5 34. Rf4 Kg7 35. Rf1 c5 36. Re1 c4 37. a4 a6 38. axb5 axb5 39. Ra7+ Kf6 40.
Rd1 Rd3 41. Ra6+ Re6 42. Rxe6+ Kxe6 43. Rb1 c3 44. Rxb5 Rd5 45. Rb4 Rc5 46. Rb1
c2 47. Rc1 Ke5 48. g4 Kd4 0-1

[Event "III. Budapest Open"]
[Site "Budapest, Hungary"]
[Date "2013.08.19"]
[Round "3.6"]
[White "Palla, Akos Botond"]
[Black "Juhasz, Bela"]
[Result "0-1"]
[WhiteElo "2054"]
[BlackElo "2194"]
[PlyCount "118"]
[EventDate "2013.??.??"]

1. e4 c5 2. Nf3 e6 3. d4 cxd4 4. Nxd4 a6 5. Be2 Nf6 6. Nc3 d6 7. O-O Be7 8. f4
Qc7 9. a4 Nc6 10. Be3 O-O 11. Bf3 Nxd4 12. Qxd4 e5 13. Qd3 Be6 14. Nd5 Bxd5 15.
exd5 exf4 16. Bxf4 Nd7 17. Be4 g6 18. Bh6 Ne5 19. Qg3 Rfe8 20. Rf4 Bf8 21. Bxf8
Rxf8 22. Raf1 Qe7 23. Rf6 Rad8 24. Qh4 Kh8 25. Bd3 Nd7 26. R6f4 Qxh4 27. Rxh4
Kg7 28. Rb4 Nc5 29. Rb6 Rd7 30. Ra1 Re8 31. Bc4 Re4 32. b3 Rd4 33. c3 Rd2 34.
Re1 Rc2 35. Re3 f5 36. Bf1 Ne4 37. c4 Kf6 38. Re1 Ke5 39. Bd3 Rc3 40. Bxe4 fxe4
41. c5 dxc5 42. Re6+ Kxd5 43. R1xe4 Rxb3 44. R6e5+ Kc6 45. h3 b5 46. Rh4 Rbd3
47. Re6+ R3d6 48. Re5 c4 49. Kf2 Kb6 50. a5+ Kxa5 51. Rxc4 Rd5 52. Rxd5 Rxd5
53. Rc7 h5 54. Rc6 g5 55. Kf3 b4 56. Rc1 b3 57. Ke4 Rd2 58. g4 hxg4 59. hxg4
Kb4 0-1

[Event "III. Budapest Open"]
[Site "Budapest, Hungary"]
[Date "2013.08.19"]
[Round "3.7"]
[White "Abraham, Lajos"]
[Black "Koncz, Imre"]
[Result "0-1"]
[WhiteElo "1821"]
[BlackElo "2181"]
[PlyCount "80"]
[EventDate "2013.??.??"]

1. d4 Nf6 2. c4 c5 3. e3 g6 4. Nc3 Bg7 5. Nf3 O-O 6. Be2 cxd4 7. exd4 d5 8. Bg5
Ne4 9. Be3 Qa5 10. Bd2 Nxd2 11. Qxd2 dxc4 12. Bxc4 Nc6 13. O-O Bg4 14. Bd5 Rad8
15. Bxc6 bxc6 16. Qf4 Bxf3 17. Qxf3 Qb6 18. Ne2 Bxd4 19. Nxd4 Rxd4 20. b3 Rfd8
21. Qe2 e6 22. Rad1 c5 23. Rxd4 cxd4 24. Rd1 Qc5 25. Qd2 e5 26. Rc1 Qb6 27. f3
Qa6 28. Rc4 Rc8 29. Qc2 Rxc4 30. bxc4 Qa5 31. Kf1 Kf8 32. Ke2 Ke7 33. Qb3 Qc3
34. Qb7+ Kf6 35. Qc6+ Kg7 36. Qd5 Qe3+ 37. Kd1 d3 38. Qe4 Qxe4 39. fxe4 f5 40.
g4 fxe4 0-1

[Event "III. Budapest Open"]
[Site "Budapest, Hungary"]
[Date "2013.08.19"]
[Round "3.8"]
[White "Mester, Attila"]
[Black "Heyl, Thomas"]
[Result "1-0"]
[WhiteElo "2073"]
[BlackElo "1997"]
[PlyCount "71"]
[EventDate "2013.??.??"]

1. e4 c5 2. Nf3 e6 3. d4 cxd4 4. Nxd4 a6 5. Nc3 Qc7 6. Bd3 Nf6 7. f4 Bc5 8. Nb3
Bb4 9. O-O Bxc3 10. bxc3 b5 11. Bd2 h5 12. Qe2 d6 13. a4 bxa4 14. Rxa4 Nc6 15.
c4 Bd7 16. Be3 Qb8 17. c5 Nb4 18. Rxb4 Qxb4 19. Bd2 Qb8 20. cxd6 Qxd6 21. e5
Qe7 22. exf6 Qxf6 23. Nc5 Bc6 24. Ne4 Qe7 25. Bc3 f6 26. Bd4 Bxe4 27. Bxe4 Rd8
28. Bg6+ Kf8 29. Bb6 Rc8 30. Qxa6 Qd7 31. f5 e5 32. Qa3+ Qe7 33. Qb3 h4 34. Ba5
h3 35. Bb4 hxg2 36. Kxg2 1-0

[Event "III. Budapest Open"]
[Site "Budapest, Hungary"]
[Date "2013.08.19"]
[Round "3.9"]
[White "Yip, Michael"]
[Black "Szalanczy, Emil"]
[Result "0-1"]
[WhiteElo "2020"]
[BlackElo "2285"]
[PlyCount "76"]
[EventDate "2013.??.??"]

1. d4 c5 2. d5 e6 3. c4 exd5 4. cxd5 g6 5. Nc3 Bg7 6. e4 d6 7. Nge2 Nf6 8. f3
O-O 9. Ng3 Nbd7 10. Be2 h5 11. O-O a6 12. a4 h4 13. Nh1 Nh5 14. Be3 Qb6 15. Qd2
Ne5 16. Nf2 f5 17. a5 Qc7 18. exf5 Bxf5 19. Nfe4 Nf7 20. Rfe1 Rae8 21. Kh1 Qd8
22. Bd3 Re5 23. Bc2 Rfe8 24. Ra4 Bd7 25. Raa1 Ng3+ 26. Kg1 Nf5 27. Bf4 R5e7 28.
Rf1 Bb5 29. Ba4 Bd4+ 30. Kh1 Bxf1 31. Bxe8 Rxe8 32. Rxf1 Qxa5 33. Qc2 Qd8 34.
Ra1 Bg7 35. Qb3 Re7 36. Ng5 Nd4 37. Qd1 Qd7 38. Nxf7 Rxf7 0-1

[Event "III. Budapest Open"]
[Site "Budapest, Hungary"]
[Date "2013.08.19"]
[Round "3.10"]
[White "Meszaros, Andras"]
[Black "Lakat, Gyula"]
[Result "1-0"]
[WhiteElo "2261"]
[BlackElo "1863"]
[PlyCount "58"]
[EventDate "2013.??.??"]

1. Nf3 d5 2. d4 Nf6 3. Bf4 Bf5 4. e3 e6 5. Ne5 Nfd7 6. g4 Bg6 7. h4 Nxe5 8.
Bxe5 f6 9. h5 Bf7 10. Bg3 Bd6 11. Bxd6 Qxd6 12. Nc3 a6 13. Qd2 Nc6 14. O-O-O
O-O-O 15. Na4 Kb8 16. Nc5 Ka7 17. Qc3 Nb8 18. e4 e5 19. dxe5 fxe5 20. h6 g6 21.
exd5 Bxd5 22. Rh3 Qe7 23. Re3 Nc6 24. Qa3 Nb8 25. Qb4 Bc6 26. Rxd8 Rxd8 27.
Nxa6 Rd6 28. Nc5 Qd8 29. Qe1 Na6 1-0

[Event "III. Budapest Open"]
[Site "Budapest, Hungary"]
[Date "2013.08.19"]
[Round "3.11"]
[White "Ritter, Gabor Dr"]
[Black "Rajcsanyi, Peter"]
[Result "1-0"]
[WhiteElo "2108"]
[BlackElo "1850"]
[PlyCount "97"]
[EventDate "2013.??.??"]

1. Nf3 Nf6 2. g3 d5 3. Bg2 c5 4. c4 e6 5. O-O Nc6 6. cxd5 exd5 7. d4 a6 8. Nc3
Be6 9. Bg5 cxd4 10. Nxd4 Be7 11. Rc1 h6 12. Bf4 O-O 13. Na4 Rc8 14. Nxc6 Rxc6
15. Rxc6 bxc6 16. Qd4 Qa5 17. Rc1 c5 18. Nxc5 Rc8 19. b4 Qa3 20. Qd2 Bxc5 21.
bxc5 Rxc5 22. Rxc5 Qxc5 23. Be3 Qb5 24. h3 Kh7 25. Qc2+ Kg8 26. Bd4 Ne8 27. e3
Nd6 28. Bf1 Nc4 29. Kh2 Qd7 30. Qc3 f5 31. Qb4 Qc7 32. Bg2 h5 33. h4 Kh7 34.
Bf3 Bf7 35. Qf8 Be6 36. Bxd5 Qf7 37. Qxf7 Bxf7 38. Bxf7 Nd2 39. Bxh5 g6 40. Be2
a5 41. Bc3 Ne4 42. Bxa5 Nxf2 43. a4 Ne4 44. Be1 Kh6 45. a5 Nc5 46. a6 Nxa6 47.
Bxa6 g5 48. hxg5+ Kxg5 49. Kh3 1-0

[Event "III. Budapest Open"]
[Site "Budapest, Hungary"]
[Date "2013.08.19"]
[Round "3.12"]
[White "Mihok, Laszlo"]
[Black "Balla, Attila"]
[Result "1-0"]
[WhiteElo "2102"]
[BlackElo "1813"]
[PlyCount "59"]
[EventDate "2013.??.??"]

1. d4 d5 2. c4 c6 3. Nc3 e6 4. cxd5 exd5 5. Nf3 Nf6 6. Bg5 Be7 7. Qc2 Nbd7 8.
e3 O-O 9. Bd3 Re8 10. h3 Nf8 11. O-O Ng6 12. Bxf6 Bxf6 13. b4 Be7 14. b5 Bd6
15. bxc6 bxc6 16. Rfe1 Qf6 17. e4 dxe4 18. Nxe4 Rxe4 19. Bxe4 Bd7 20. Rad1 Rb8
21. Rb1 Rxb1 22. Qxb1 Qf4 23. Qc1 Qxc1 24. Rxc1 Ne7 25. Ne5 Bxe5 26. dxe5 f5
27. exf6 gxf6 28. Rb1 f5 29. Bf3 Bc8 30. Rb8 1-0

[Event "III. Budapest Open"]
[Site "Budapest, Hungary"]
[Date "2013.08.19"]
[Round "3.13"]
[White "Adrien, Vincent"]
[Black "Bakk, Zoltan"]
[Result "0-1"]
[WhiteElo "1994"]
[BlackElo "2070"]
[PlyCount "92"]
[EventDate "2013.??.??"]

1. Nc3 d5 2. d4 e6 3. Bf4 Bd6 4. Bxd6 cxd6 5. e4 dxe4 6. Nxe4 Nf6 7. Bd3 O-O 8.
Nf3 Nxe4 9. Bxe4 Nd7 10. Qd2 Nf6 11. Bd3 Bd7 12. O-O-O Bc6 13. Rde1 a5 14. h4
a4 15. Rh3 a3 16. b3 Qa5 17. Qxa5 Rxa5 18. Kd2 Nd5 19. Be4 Nf4 20. Rh2 Bxe4 21.
Rxe4 Nd5 22. Rh1 b5 23. c3 b4 24. cxb4 Nxb4 25. Ra1 Rc8 26. Ne1 Rd5 27. Nd3
Rc2+ 28. Kd1 Rxa2 29. Rxa2 Nxa2 30. Kc2 f5 31. Rxe6 Kf7 32. Re1 Rxd4 33. g3 Re4
34. f3 Rxe1 35. Nxe1 Nb4+ 36. Kc3 a2 37. Kb2 f4 38. gxf4 d5 39. Ng2 d4 40. Ka1
Kf6 41. Kb2 Kf5 42. Ka1 d3 43. Kb2 d2 44. Ne3+ Kxf4 45. Nd1 Kxf3 46. Ka1 Ke2
0-1

[Event "III. Budapest Open"]
[Site "Budapest, Hungary"]
[Date "2013.08.19"]
[Round "3.14"]
[White "Bartuszek, Andras"]
[Black "Csabai, Viktor"]
[Result "0-1"]
[WhiteElo "1844"]
[BlackElo "2034"]
[PlyCount "68"]
[EventDate "2013.??.??"]

1. e4 d6 2. d4 g6 3. Bc4 Bg7 4. Be3 c6 5. Qd2 b5 6. Bb3 Nd7 7. a4 Qc7 8. axb5
cxb5 9. Nc3 Qb8 10. Nge2 a6 11. Nd5 e6 12. Nb4 Bb7 13. f3 Qc7 14. c3 Nb6 15.
O-O Nc4 16. Bxc4 Qxc4 17. Ra3 Nf6 18. Rfa1 Qc8 19. Bh6 O-O 20. Bxg7 Kxg7 21.
Ng3 Nd7 22. d5 e5 23. Qg5 f6 24. Qg4 Nb6 25. Nf5+ Kh8 26. Nxd6 Qc5+ 27. Kh1
Qxd6 28. Nxa6 Nc4 29. Qe6 Qxe6 30. dxe6 Nxa3 31. Nc5 Nc4 32. Rb1 Bc6 33. b3 Nd6
34. h4 Nb7 0-1

[Event "III. Budapest Open"]
[Site "Budapest, Hungary"]
[Date "2013.08.19"]
[Round "3.15"]
[White "Szurkos, Andras"]
[Black "Bodrogi, Laszlo"]
[Result "0-1"]
[WhiteElo "1786"]
[BlackElo "2015"]
[PlyCount "80"]
[EventDate "2013.??.??"]

1. e4 e5 2. Bc4 Nf6 3. d3 d5 4. exd5 Nxd5 5. Nf3 Nc6 6. h3 Bc5 7. c3 a6 8. b4
Bb6 9. O-O O-O 10. a4 Bf5 11. Bg5 Qd6 12. g4 Bg6 13. Qb3 e4 14. Bxd5 Qg3+ 15.
Kh1 Qxf3+ 16. Kh2 Bxf2 17. Bh4 Bg3+ 18. Bxg3 Qxf1 19. Qa2 exd3 20. Bg2 Qe2 21.
Nd2 Ne5 22. Kh1 Qe3 23. Kh2 Rae8 24. Re1 Qg5 25. Ne4 Bxe4 26. Rxe4 d2 27. Qc2
b5 28. Bf4 Nxg4+ 29. hxg4 Qh4+ 30. Bh3 Qf2+ 31. Bg2 Rxe4 32. Bg3 Qe2 33. Qxe4
Qxe4 34. Bxe4 d1=Q 35. axb5 Qe2+ 36. Bg2 axb5 37. Kh3 Rd8 38. Bc6 Rd3 39. Bxb5
Rxg3+ 40. Kxg3 Qxb5 0-1

[Event "III. Budapest Open"]
[Site "Budapest, Hungary"]
[Date "2013.08.19"]
[Round "3.16"]
[White "Mihaly, Zoltan"]
[Black "Alvin, Leo"]
[Result "0-1"]
[WhiteElo "1774"]
[BlackElo "2005"]
[PlyCount "104"]
[EventDate "2013.??.??"]

1. c4 e5 2. g3 f5 3. Bg2 Nc6 4. e3 Nf6 5. Ne2 d5 6. cxd5 Nb4 7. d3 Nbxd5 8. O-O
Bd6 9. Qb3 c6 10. e4 fxe4 11. dxe4 Nb4 12. Be3 Qe7 13. a3 Be6 14. Qc3 Na6 15.
b4 O-O 16. Nd2 Ng4 17. Nc4 Nxe3 18. Nxe3 Nc7 19. Nc4 Nb5 20. Qc2 Bc7 21. Rfd1
Qf7 22. a4 Bxc4 23. axb5 Qxf2+ 24. Kh1 cxb5 25. Rd2 Bb6 26. Nf4 Qe3 27. Nd5 Qh6
28. Ne7+ Kh8 29. Nf5 Qg5 30. Rd7 Rf7 31. Rd6 Raf8 32. Qc3 Bc7 33. h4 Qg4 34.
Rd2 Rxf5 35. exf5 e4 36. Kh2 Qxh4+ 37. Bh3 Qg5 38. Re1 Qe7 39. Kg2 Be5 40. Qa3
Bd6 41. Rb2 Qe5 42. Re3 a5 43. Qc3 Qxc3 44. Rxc3 Bxb4 45. Re3 Bc5 46. Re1 a4
47. g4 a3 48. Rc2 a2 49. Ra1 Re8 50. Rd2 e3 51. Rd7 e2 52. Kf3 b4 0-1

[Event "III. Budapest Open"]
[Site "Budapest, Hungary"]
[Date "2013.08.19"]
[Round "3.19"]
[White "Peczeli, Zoltan"]
[Black "Gyimesi, Peter"]
[Result "1-0"]
[WhiteElo "2036"]
[BlackElo "1646"]
[PlyCount "45"]
[EventDate "2013.??.??"]

1. d4 Nf6 2. c4 e6 3. Nf3 b6 4. g3 Bb7 5. Bg2 d5 6. O-O Nbd7 7. Nc3 Bb4 8. Ne5
O-O 9. cxd5 Bxc3 10. Nxd7 Nxd7 11. dxe6 Bxg2 12. Kxg2 Bxd4 13. exf7+ Rxf7 14.
Qxd4 Nc5 15. Qxd8+ Rxd8 16. Be3 Na4 17. Rab1 Rfd7 18. Rfc1 Rd5 19. Rxc7 Rd1 20.
Rxd1 Rxd1 21. b3 Nc5 22. Bxc5 bxc5 23. Rxc5 1-0